00351nam a2200145Ia 4500008004100000082000800041100002200049245003300071250000600104260002800110300001000138500002400148650001600172700001700188230524s9999 xx 000 0 und d bBEH aSaumendra Behera  0aAnalogue Electronics Circuit a1 aBBSRbLakhmi Pub.c2011 a324p: aQuantity Number: 1 aElectronics a B.C. Parida